Szczegóły MARC21

"GOSPODARKA - rozwój i zmiany".

005 -DATA I CZAS OSTATNIEJ MODYFIKACJI [,]
    • @
    • pole kontrolne
    • 20070315155141.9
020 -Międzynarod. znormalizowany nr książki - ISBN [ , ]
    • a
    • Numer ISBN
    • 8387249319 Find
040 -Instytucja sporządzająca opis [ , ]
    • a
    • Instytucja, która sporządziła opis (NP)
    • SZCZ U
    • c
    • Instytucja, która sporządziła rekord (NP)
    • SZCZ U
041 -Język dokumentu [0, ]
    • a
    • Język tekstu (P)
    • polski
    • h
    • Język tekstu oryginalnego i/lub pośredniego (P)
    • polski
942 -Rodzaj dokumentu [ , ]
    • c
    • Rodzaj dokumentu
    • Książka
245 -Strefa tytułu i oznaczenia odpowiedzialności [0, ]
    • a
    • Tytuł
    • "GOSPODARKA - rozwój i zmiany". Find
260 -Strefa adresu wydawniczego [ , ]
    • a
    • Miejsce wydania (P)
    • Szczecin :
    • b
    • Nazwa wydawcy (P)
    • Polskie Tow.Ekonom.*Szczecin,
    • c
    • Data wydania (P)
    • 2001.
300 -Strefa opisu fizycznego [ , ]
    • a
    • Określenie formy książki i/lub objętość (NP)
    • 93 :
    • c
    • Format (NP)
    • 24 cm.
490 -Strefa serii i książki wielotomowej - forma nie do wyszukiwania [0, ]
    • z
    • Numer rekordu powiązanego
    • 120529
    • a
    • Tytuł (P)
    • (ZESZYTY Naukowe Oeconomicus / Wyższa Szkoła Zawodowa "Oeconomocus" Pol. Tow. Ekonom. w Szczecinie ; Find
    • y
    • Zob. egzemplarze
    • 1
    • v
    • Numeracja (P)
    • Nr 1)
500 -Uwaga ogólna [ , ]
    • a
    • Uwaga ogólna (NP)
    • Bibliogr
080 -Uniwersalna Klasyfikacja Dziesiętna [ , ]
    • a
    • Symbol klasyfikacji
    • 338.2(438)
980 -Symbol UKD [ , ]
    • a
    • UKD
    • 338.2(438)
920 -ISBN [ , ]
    • a
    • ISBN
    • 83-87249-31-9 Find
Powiązanie z serią Numer inwentarzowy Sygnatura Numer tomu Status udost. Lokalizacja Data inwentaryzacji
1Cg.29714Cg.29714Nr 11BG2002-03-19
9TM.2365TM.2365Nr 1-3T2004-05-20
10TM.2366TM.2365Nr 1-3T2004-05-20
11TM.2367TM.2365Nr 1-3T2004-05-20
12TM.2368TM.2365Nr 1-3T2004-05-20
13TM.2369TM.2365Nr 1-3T2004-05-20
14TM.2370TM.2365Nr 1-3T2004-05-20
15TM.2371TM.2365Nr 1-3T2004-05-20
16TM.2372TM.2365Nr 1-3T2004-05-20
17TM.2373TM.2365Nr 1-3T2004-05-20
18TM.2374TM.2365Nr 1-3T2004-05-20
19TM.2375TM.2365Nr 1-3T2004-05-20
2Tc.1082Tc.1082Nr 1-11Tc2002-03-19
3Tc.1083Tc.1082Nr 1-11Tc2002-03-19
4Tc.1084Tc.1082Nr 1-11Tc2002-03-19
5Tc.1085Tc.1082Nr 1-11Tc2002-03-19
6Tc.1086Tc.1082Nr 1-11Tc2002-03-19
7Tc.1087Tc.1082Nr 1-11Tc2002-03-19
8Tc.1088Tc.1082Nr 1-11Tc2002-03-19